000 00771nam a2200277Ia 4500
001 88709
003 IT-RoPAU
008 130308s9999 xx 000 0 und d
040 _aIT-RoPAU
040 _cIT-RoPAU
041 _aFRANCESE
100 _aCorpet Olivier
100 _gCodice Aut. SPICS: 31708
245 _aJean, Kostas, Francois, Edgar et les autres...
245 _bArguments pour Une Methode (Autour D'Edgar Morin)
250 _a1a ed.
260 _aPARIS
260 _bSeuil
260 _c1990 [1° Ed.:1990 - Ed.Ling.Originale:1986]
300 _a"5 p. (prefazione: no ; testo: 5 [pagine: 57-61])"
650 _aSOCIOLOGIA DELLA COMUNICAZIONE SOCIALE
650 _eCodice materia Spics: 3806
942 _cBK
957 _71
999 _c80315
_d80315
999 _g1